Stars / (Record no. 3977)

MARC details
000 -LEADER
fixed length control field 01099pam a2200361 a 4500
001 - CONTROL NUMBER
control field 3977
003 - CONTROL NUMBER IDENTIFIER
control field FISKH
005 - DATE AND TIME OF LATEST TRANSACTION
control field 20240529084107.0
008 - FIXED-LENGTH DATA ELEMENTS--GENERAL INFORMATION
fixed length control field 950720s1996 nyua j 000 0 eng
010 ## - LIBRARY OF CONGRESS CONTROL NUMBER
LC control number 95024763
020 ## - INTERNATIONAL STANDARD BOOK NUMBER
International Standard Book Number 0448411490
020 ## - INTERNATIONAL STANDARD BOOK NUMBER
International Standard Book Number 9780448411484
020 ## - INTERNATIONAL STANDARD BOOK NUMBER
International Standard Book Number 0448411482 (pbk.)
040 ## - CATALOGING SOURCE
Original cataloging agency DLC
Transcribing agency DLC
Modifying agency DLC
Language of cataloging eng
042 ## - AUTHENTICATION CODE
Authentication code lcac
050 00 - LIBRARY OF CONGRESS CALL NUMBER
Classification number QB801.7
Item number .D87 1996
082 00 - DEWEY DECIMAL CLASSIFICATION NUMBER
Classification number 523.8
Edition number 20
100 1# - MAIN ENTRY--PERSONAL NAME
Personal name Dussling, Jennifer.
245 10 - TITLE STATEMENT
Title Stars /
Statement of responsibility, etc. by Jennifer Dussling ; illustrated by Mavis Smith.
260 ## - PUBLICATION, DISTRIBUTION, ETC.
Place of publication, distribution, etc. New York :
Name of publisher, distributor, etc. Grosset & Dunlap,
Date of publication, distribution, etc. 1996.
300 ## - PHYSICAL DESCRIPTION
Extent 32 pages :
Other physical details color illustrations ;
Dimensions 23 cm
440 #0 - SERIES STATEMENT/ADDED ENTRY--TITLE
Title All aboard reading.
Number of part/section of a work Level 1
505 ## - FORMATTED CONTENTS NOTE
Formatted contents note J
520 ## - SUMMARY, ETC.
Summary, etc. Explains what stars are and what people have thought about them in different times and places.
521 8# - TARGET AUDIENCE NOTE
Target audience note 460<br/>
Source Lexile estimate <br/>
521 8# - TARGET AUDIENCE NOTE
Target audience note J<br/>
Source Raz-Plus <br/>
650 #0 - SUBJECT ADDED ENTRY--TOPICAL TERM
Topical term or geographic name entry element Stars
General subdivision Juvenile literature.
650 #1 - SUBJECT ADDED ENTRY--TOPICAL TERM
Topical term or geographic name entry element Stars.
700 1# - ADDED ENTRY--PERSONAL NAME
Personal name Smith, Mavis,
Relator term illustrator
906 ## - LOCAL DATA ELEMENT F, LDF (RLIN)
a 7
b cbc
c orignew
d 1
e ocip
f 19
g y-gencatlg
942 ## - ADDED ENTRY ELEMENTS (KOHA)
Source of classification or shelving scheme Dewey Decimal Classification
Koha item type Books
Suppress in OPAC No
Holdings
Withdrawn status Lost status Source of classification or shelving scheme Damaged status Not for loan Collection Home library Current library Shelving location Date acquired Total Checkouts Full call number Barcode Date last seen Date last checked out Copy number Price effective from Koha item type
    Dewey Decimal Classification     Non-Fiction Footprints International School Library Network Toul Kork Campus Footprints International School Library Network Toul Kork Campus TK Primary Library Room(4th Floor), Bookcase 1&2, Shelves 1-16, Dark Blue Books 05/29/2024 1 DUS 523.8 QB801.D87 FISBK072128 02/13/2025 02/05/2025 1 05/29/2024 Books
    Dewey Decimal Classification     Non-Fiction Footprints International School Library Network Toul Kork Campus Footprints International School Library Network Toul Kork Campus TK Primary Library Room(4th Floor), Bookcase 1&2, Shelves 1-16, Dark Blue Books 07/01/2024 1 DUS 523.8 QB801.D87 FISBK04212 05/28/2025 03/05/2025 2 07/01/2024 Books